| 000 | 01350cam a2200325 i 4500 | ||
|---|---|---|---|
| 001 | 18524040 | ||
| 003 | OSt | ||
| 005 | 20260220090433.0 | ||
| 008 | 150311t20152015enk b 001 0 eng c | ||
| 010 | _a 2015935867 | ||
| 020 | _a9781783478811 | ||
| 035 | _a(OCoLC)ocn905955921 | ||
| 040 |
_aNLM _beng _cNLM _erda _dYDXCP _dBTCTA _dCDX _dOCLCF _dUZ0 _dNDL _dCHVBK _dOCLCO _dOCLCQ _dOCLCO _dDLC |
||
| 042 | _apcc | ||
| 082 | 0 | 0 | _a614.1 WIL |
| 100 | _aWilson, Debbie | ||
| 245 | 1 | 0 |
_aGenetics, crime and justice / _cDebra Wilson |
| 264 | 1 |
_aCheltenham : _bEdward Elgar Publishing, _c2015. |
|
| 300 |
_avii, 260 p. ; _c25 cm |
||
| 505 | 0 | _a1. Introduction 2. History of genetics and criminal justice; 3. Use of genetics in criminal investigations; 4. The 'criminal gene'; 5. The 'criminal gene' argument in the courts; 6. The impact of a 'criminal gene' argument on punishment theory; 7. Introduction to ethical issues; 8. Concluding thoughts. | |
| 650 | 0 | _aForensic genetics. | |
| 650 | 0 |
_aDNA fingerprinting _xLaw and legislation. |
|
| 650 | 0 | _aJustice, Administration of. | |
| 650 | 1 | 2 | _aForensic Genetics. |
| 650 | 2 | 2 | _aCriminal Law. |
| 906 |
_a7 _bcbc _cpccadap _d2 _eepcn _f20 _gy-gencatlg |
||
| 942 |
_2ddc _cBK |
||
| 999 |
_c203782 _d203782 |
||